[Event "Zalakarosi Sakkfesztivál open"]
[Site "Zalakaros"]
[Date "2018.06.01"]
[Round "8.35"]
[White "Tran, David"]
[Black "Boronyak, Arpad"]
[Result "1-0"]
[WhiteElo "1892"]
[BlackElo "2153"]
[PlyCount "57"]
[EventDate "2018.05.25"]
[EventType "swiss"]
[EventRounds "9"]
[EventCountry "HUN"]

1. e4 c5 2. Nf3 e6 3. d4 cxd4 4. Nxd4 Nf6 5. Nc3 Nc6 6. Nxc6 bxc6 7. e5 Nd5 8.
Ne4 Qc7 9. f4 Qb6 10. c4 Ne3 11. Qd3 Nf5 12. g4 Bb4+ 13. Kd1 Nh4 14. Be3 Qb8
15. c5 O-O 16. Ng5 Ng6 17. h4 f5 18. gxf5 Rxf5 19. Bh3 Ne7 20. Bxf5 Nxf5 21.
Rg1 Ba6 22. Qxa6 Nxe3+ 23. Kc1 Bxc5 24. Qd3 Qb4 25. Qxh7+ Kf8 26. Nxe6+ Kf7 27.
Rxg7+ Kxe6 28. Qg6+ Kd5 29. Rxd7+ 1-0

[Event "Zalakarosi Sakkfesztivál open"]
[Site "Zalakaros"]
[Date "2018.06.01"]
[Round "8.36"]
[White "Hrbolka, Ladislav"]
[Black "Majoros, Rozsa Evelin"]
[Result "0-1"]
[WhiteElo "2089"]
[BlackElo "1967"]
[PlyCount "64"]
[EventDate "2018.05.25"]
[EventType "swiss"]
[EventRounds "9"]
[EventCountry "HUN"]

1. c4 d6 2. Nc3 Nf6 3. Nf3 e5 4. d3 g6 5. g3 Bg7 6. Bg2 Nc6 7. O-O O-O 8. Rb1
h6 9. b4 Be6 10. b5 Ne7 11. e4 Nh7 12. Nd5 f5 13. Nh4 Bxd5 14. cxd5 f4 15. Bd2
g5 16. Nf5 Nxf5 17. exf5 Rxf5 18. Bh3 Rf6 19. Rc1 Nf8 20. Rc4 a6 21. bxa6 Rxa6
22. Qc2 Rf7 23. Rc1 Qf6 24. gxf4 gxf4 25. f3 b5 26. Rxc7 Rxc7 27. Qxc7 Qg6+ 28.
Kf2 Rxa2 29. Rc2 Ra1 30. Rc1 Rxc1 31. Bxc1 Qxd3 32. Qc6 e4 0-1

[Event "Zalakarosi Sakkfesztivál open"]
[Site "Zalakaros"]
[Date "2018.06.01"]
[Round "8.37"]
[White "Toth, Istvan"]
[Black "Joo, Janos"]
[Result "0-1"]
[WhiteElo "1941"]
[BlackElo "2071"]
[PlyCount "74"]
[EventDate "2018.05.25"]
[EventType "swiss"]
[EventRounds "9"]
[EventCountry "HUN"]

1. e4 c5 2. Nf3 g6 3. d4 cxd4 4. Nxd4 Bg7 5. Be2 Nc6 6. Be3 Nf6 7. Nc3 O-O 8.
Qd2 d5 9. exd5 Nxd5 10. Nxd5 Qxd5 11. Bf3 Qe5 12. Nxc6 bxc6 13. c3 Ba6 14. Be2
Rfd8 15. Qc2 Bb5 16. O-O Qc7 17. Rfd1 Qa5 18. Bf3 h5 19. a4 Rxd1+ 20. Qxd1 Rd8
21. Qe1 Bc4 22. Bxc6 Bb3 23. Qf1 Qc7 24. Bf3 Be5 25. g3 h4 26. a5 Bc4 27. Qh3
hxg3 28. hxg3 Qb8 29. Bc1 Qb3 30. Qg4 Be6 31. Qa4 Qb8 32. Kg2 Rd3 33. Qc6 Qb3
34. Qe8+ Kg7 35. Bg5 Rxf3 36. Rh1 Rxg3+ 37. fxg3 Qxb2+ 0-1

[Event "Zalakarosi Sakkfesztivál open"]
[Site "Zalakaros"]
[Date "2018.06.01"]
[Round "8.38"]
[White "Dmitrovic, Zoran"]
[Black "Toth, Nikoletta"]
[Result "1/2-1/2"]
[WhiteElo "2069"]
[BlackElo "1907"]
[PlyCount "119"]
[EventDate "2018.05.25"]
[EventType "swiss"]
[EventRounds "9"]
[EventCountry "HUN"]

1. e4 e5 2. Nf3 Nc6 3. Bb5 a6 4. Ba4 Nf6 5. d3 b5 6. Bb3 Be7 7. O-O d6 8. c3
O-O 9. Nbd2 Na5 10. Bc2 c5 11. Re1 Nc6 12. Nf1 Re8 13. Ng3 Bf8 14. h3 g6 15.
Bg5 h6 16. Bd2 Bg7 17. Nh2 d5 18. Qe2 Be6 19. a3 Qd7 20. Rad1 d4 21. f4 exf4
22. Bxf4 Nh7 23. Bd2 Rad8 24. Ng4 h5 25. Nf2 a5 26. a4 dxc3 27. Bxc3 b4 28.
Bxg7 Kxg7 29. Nf1 Nd4 30. Qd2 b3 31. Bb1 Qxa4 32. Rc1 Qb5 33. Qc3 Rc8 34. Ne3
Red8 35. Nc4 a4 36. e5 Nf5 37. Ne4 Bxc4 38. e6+ Rd4 39. dxc4 Qb4 40. g4 hxg4
41. hxg4 Ne7 42. Rf1 fxe6 43. Qg3 Qb8 44. Qxb8 Rxb8 45. Nxc5 Rxg4+ 46. Kf2 Rf8+
47. Ke1 Rxf1+ 48. Kxf1 Ng5 49. Nxa4 Nf3 50. Kf2 Ne5 51. Nc5 Nxc4 52. Nxe6+ Kf6
53. Nc5 Nxb2 54. Nxb3 Nc4 55. Nc5 Ne5 56. Ne4+ Kf7 57. Rc7 Kf8 58. Rc5 Nd7 59.
Rg5 Rxg5 60. Nxg5 1/2-1/2

[Event "Zalakarosi Sakkfesztivál open"]
[Site "Zalakaros"]
[Date "2018.06.01"]
[Round "8.39"]
[White "Bai, Adelard"]
[Black "Tatarintsev, Mikhail"]
[Result "1-0"]
[WhiteElo "2042"]
[BlackElo "1770"]
[PlyCount "57"]
[EventDate "2018.05.25"]
[EventType "swiss"]
[EventRounds "9"]
[EventCountry "HUN"]

1. d4 d5 2. c4 c6 3. cxd5 cxd5 4. Bf4 Nc6 5. e3 Bf5 6. Nc3 e6 7. Qb3 Qd7 8. Nf3
f6 9. Bb5 a6 10. Bxc6 Qxc6 11. O-O b5 12. Rfc1 Qd7 13. a4 b4 14. Na2 Rc8 15.
Rxc8+ Qxc8 16. Rc1 Qb7 17. Nh4 g5 18. Nxf5 gxf4 19. Nh4 Bd6 20. exf4 Bxf4 21.
Re1 Kf7 22. Qf3 Qc7 23. Qh5+ Kf8 24. Rxe6 Bxh2+ 25. Kh1 Qf7 26. Qxd5 Bc7 27.
Nxb4 Ne7 28. Qa8+ Kg7 29. Qe4 1-0

[Event "Zalakarosi Sakkfesztivál open"]
[Site "Zalakaros"]
[Date "2018.06.01"]
[Round "8.40"]
[White "Radics, Laszlo Dr."]
[Black "Vukovic, Ivo"]
[Result "1/2-1/2"]
[WhiteElo "1881"]
[BlackElo "2031"]
[PlyCount "72"]
[EventDate "2018.05.25"]
[EventType "swiss"]
[EventRounds "9"]
[EventCountry "HUN"]

1. e4 e5 2. Nf3 Nc6 3. d4 d6 4. Bb5 exd4 5. c3 dxc3 6. Nxc3 Be7 7. O-O Bd7 8.
Bf4 Nf6 9. Qe2 O-O 10. Rad1 Qc8 11. e5 Nxe5 12. Nxe5 dxe5 13. Bxe5 c6 14. Bd3
Bg4 15. f3 Bf5 16. Qc2 Bxd3 17. Rxd3 Qe6 18. Bxf6 Bxf6 19. Ne4 Rfd8 20. Rfd1
Be7 21. b3 f5 22. Ng3 g6 23. h3 Rxd3 24. Qxd3 Rd8 25. Qe2 Qxe2 26. Rxd8+ Bxd8
27. Nxe2 Kf7 28. Kf1 Bf6 29. Ke1 Be5 30. f4 Bf6 31. Kd2 Ke6 32. Kd3 Kd5 33. g4
h6 34. a4 b6 35. gxf5 gxf5 36. Ng3 Ke6 1/2-1/2

[Event "Zalakarosi Sakkfesztivál open"]
[Site "Zalakaros"]
[Date "2018.06.02"]
[Round "9.1"]
[White "Aczel, Gergely"]
[Black "Chernyshov, Konstantin"]
[Result "1/2-1/2"]
[WhiteElo "2567"]
[BlackElo "2478"]
[PlyCount "88"]
[EventDate "2018.05.25"]
[EventType "swiss"]
[EventRounds "9"]
[EventCountry "HUN"]

1. d4 e6 2. c4 f5 3. e3 Nf6 4. Bd3 b6 5. Nf3 Bb4+ 6. Nbd2 Bb7 7. O-O O-O 8. a3
Bxd2 9. Nxd2 Qe8 10. f3 d6 11. Qc2 a5 12. b3 Nbd7 13. Bb2 Qe7 14. Rae1 Rae8 15.
Nb1 g6 16. Nc3 e5 17. d5 c6 18. dxc6 Bxc6 19. Be2 Nc5 20. Rd1 Ne6 21. Nd5 Bxd5
22. cxd5 Rc8 23. Qb1 Nc7 24. e4 Nh5 25. g3 Ne8 26. f4 Nhg7 27. fxe5 dxe5 28.
Kh1 Nd6 29. exf5 Rxf5 30. Bg4 Rxf1+ 31. Rxf1 Ngf5 32. Rc1 Rxc1+ 33. Qxc1 Qf6
34. Kg1 h5 35. Bxf5 Qxf5 36. Qe1 Ne4 37. Qe2 Kf7 38. a4 Kf6 39. Qe3 Nc5 40. Bc3
Qb1+ 41. Kg2 Qc2+ 42. Kh3 Qf5+ 43. Kg2 Qc2+ 44. Kh3 Qf5+ 1/2-1/2

[Event "Zalakarosi Sakkfesztivál open"]
[Site "Zalakaros"]
[Date "2018.06.02"]
[Round "9.2"]
[White "Vanczak, Tamas"]
[Black "Galyas, Miklos"]
[Result "1/2-1/2"]
[WhiteElo "2303"]
[BlackElo "2508"]
[PlyCount "46"]
[EventDate "2018.05.25"]
[EventType "swiss"]
[EventRounds "9"]
[EventCountry "HUN"]

1. e4 g6 2. d4 Bg7 3. Nc3 c6 4. Nf3 d6 5. a4 Nf6 6. Be2 O-O 7. O-O Nbd7 8. h3
Qc7 9. Be3 b6 10. Qd2 Re8 11. Rfd1 Bb7 12. Bf4 e5 13. dxe5 dxe5 14. Bh6 Nc5 15.
Bxg7 Kxg7 16. Qe3 Rad8 17. Bc4 Rxd1+ 18. Rxd1 a5 19. Ne1 Rd8 20. Rxd8 Qxd8 21.
Nd3 Nfd7 22. b3 Qe7 23. Nd1 Bc8 1/2-1/2

[Event "Zalakarosi Sakkfesztivál open"]
[Site "Zalakaros"]
[Date "2018.06.02"]
[Round "9.3"]
[White "Marosi, Levente"]
[Black "Li, Bo"]
[Result "1/2-1/2"]
[WhiteElo "2277"]
[BlackElo "2319"]
[PlyCount "81"]
[EventDate "2018.05.25"]
[EventType "swiss"]
[EventRounds "9"]
[EventCountry "HUN"]

1. e4 c5 2. Nf3 Nc6 3. d4 cxd4 4. Nxd4 Qb6 5. Nb3 Nf6 6. Nc3 d6 7. Be3 Qd8 8.
Qd2 g6 9. f3 Bg7 10. O-O-O Be6 11. Nd4 Nxd4 12. Bxd4 O-O 13. Kb1 a6 14. h4 b5
15. h5 Qc7 16. g4 Rfc8 17. hxg6 hxg6 18. Nd5 Bxd5 19. exd5 Qb7 20. g5 Nh5 21.
Rxh5 gxh5 22. Bxg7 Kxg7 23. Qd4+ Kg8 24. Bd3 Rc4 25. Bxc4 bxc4 26. Rh1 c3 27.
b3 Qb5 28. a4 Qc5 29. Qd3 Kg7 30. Rxh5 Rh8 31. Rxh8 Kxh8 32. Ka2 a5 33. g6 Kg7
34. gxf7 Kxf7 35. Qf5+ Ke8 36. Qg6+ Kd8 37. Qg8+ Kd7 38. Qe6+ Kd8 39. Qg8+ Kd7
40. Qe6+ Kd8 41. Qg8+ 1/2-1/2

[Event "Zalakarosi Sakkfesztivál open"]
[Site "Zalakaros"]
[Date "2018.06.02"]
[Round "9.4"]
[White "Gombocz, Ferenc Jr."]
[Black "Horvath, Adam"]
[Result "0-1"]
[WhiteElo "2077"]
[BlackElo "2481"]
[PlyCount "56"]
[EventDate "2018.05.25"]
[EventType "swiss"]
[EventRounds "9"]
[EventCountry "HUN"]

1. c4 e5 2. g3 Nf6 3. Bg2 d5 4. cxd5 Nxd5 5. Nc3 Nb6 6. e3 Nc6 7. Nge2 Qd3 8.
f4 f6 9. Be4 Qa6 10. d4 exd4 11. Nxd4 Nxd4 12. exd4 Be6 13. Bd3 Bc4 14. Qh5+ g6
15. Bxg6+ hxg6 16. Qxh8 Nd5 17. Kf2 O-O-O 18. Re1 Nb4 19. Re4 f5 20. Re5 Nd3+
21. Kg2 Nxe5 22. Qxe5 Qc6+ 23. Kf2 Qh1 24. Ne2 Bg7 25. Qe7 Bf6 26. Qh7 Bxd4+
27. Nxd4 Qf1+ 28. Ke3 Qe1+ 0-1

[Event "Zalakarosi Sakkfesztivál open"]
[Site "Zalakaros"]
[Date "2018.06.02"]
[Round "9.5"]
[White "Chakravarthi Reddy, M."]
[Black "Ostovic, Matija"]
[Result "1-0"]
[WhiteElo "2443"]
[BlackElo "2352"]
[PlyCount "113"]
[EventDate "2018.05.25"]
[EventType "swiss"]
[EventRounds "9"]
[EventCountry "HUN"]

1. c4 Nf6 2. Nf3 g6 3. Nc3 d5 4. cxd5 Nxd5 5. Qb3 Nb6 6. d4 Bg7 7. e4 c6 8. Be3
O-O 9. Rd1 Be6 10. Qc2 Bg4 11. Be2 N8d7 12. O-O Nf6 13. h3 Be6 14. Ne5 Nfd7 15.
f4 Qc7 16. f5 gxf5 17. exf5 Bd5 18. Ng4 Qg3 19. Rf2 Qc7 20. Bf4 Qd8 21. f6 Nxf6
22. Nxf6+ Bxf6 23. Be5 Bxe5 24. dxe5 Kh8 25. Bd3 Rg8 26. Bxh7 Rg7 27. Be4 e6
28. Rf6 Nd7 29. Rh6+ Kg8 30. Bxd5 cxd5 31. Rh5 Qb6+ 32. Kf1 Qe3 33. Re1 Qf4+
34. Kg1 Rc8 35. Qe2 Nf8 36. Rf1 Qd4+ 37. Kh1 Ng6 38. Nb5 Qc4 39. Qxc4 Rxc4 40.
Nd6 Rc2 41. Ne8 Kf8 42. Nxg7 Kxg7 43. Rg5 Re2 44. h4 Rxe5 45. Rxe5 Nxe5 46. Rc1
Nc6 47. g4 e5 48. Kg2 e4 49. Rc5 d4 50. Rd5 d3 51. Kf2 Kf6 52. Ke3 Nb4 53. Rf5+
Kg7 54. Kxe4 d2 55. Rf1 Nxa2 56. Rd1 Nb4 57. Rxd2 1-0

[Event "Zalakarosi Sakkfesztivál open"]
[Site "Zalakaros"]
[Date "2018.06.02"]
[Round "9.6"]
[White "Astaneh Lopez, Alex"]
[Black "Saber, Yasser"]
[Result "1-0"]
[WhiteElo "2446"]
[BlackElo "2266"]
[PlyCount "107"]
[EventDate "2018.05.25"]
[EventType "swiss"]
[EventRounds "9"]
[EventCountry "HUN"]

1. d4 d6 2. e4 Nf6 3. f3 Nbd7 4. Be3 e5 5. d5 Be7 6. c4 O-O 7. Ne2 c6 8. Qd2
Nb6 9. Ng3 Qc7 10. Nc3 Bd7 11. Rc1 Rfc8 12. b3 a5 13. Bd3 a4 14. O-O Bd8 15.
Rfd1 Be8 16. dxc6 bxc6 17. Bc2 axb3 18. Bxb3 Nbd7 19. Na4 g6 20. Qxd6 Qxd6 21.
Rxd6 Ra6 22. c5 Be7 23. Rd2 Rca8 24. Nb2 Ra5 25. Nd3 Rd8 26. Rdc2 Kg7 27. Kf2
h5 28. Nf1 Nh7 29. Ke2 Bg5 30. Bxg5 Nxg5 31. h4 Nh7 32. Ne3 f6 33. Nc4 Ra7 34.
Nd6 Kf8 35. Rd2 Ke7 36. Nxe8 Rxe8 37. Nb4 Rc8 38. Rd6 Nb8 39. Re6+ Kd8 40. Rd1+
Rd7 41. Ba4 Nf8 42. Rxf6 Ke7 43. Rfd6 Rb7 44. Nd3 Ra7 45. Bb3 Nbd7 46. g4 hxg4
47. fxg4 Ra5 48. g5 Nxc5 49. Nxc5 Rxc5 50. Rf6 Rc3 51. Rf7+ Ke8 52. Rdf1 Nd7
53. Rh7 Nf8 54. Rxf8+ 1-0

[Event "Zalakarosi Sakkfesztivál open"]
[Site "Zalakaros"]
[Date "2018.06.02"]
[Round "9.8"]
[White "Ianov, Viktor"]
[Black "Csonka, Attila Istvan"]
[Result "1/2-1/2"]
[WhiteElo "2285"]
[BlackElo "2372"]
[PlyCount "69"]
[EventDate "2018.05.25"]
[EventType "swiss"]
[EventRounds "9"]
[EventCountry "HUN"]

1. Nf3 Nc6 2. d4 d5 3. g3 Bg4 4. Bg2 Bxf3 5. Bxf3 Nf6 6. c3 e5 7. Qb3 Rb8 8.
dxe5 Nxe5 9. Bg2 c6 10. Be3 Qa5 11. O-O Bd6 12. Nd2 O-O 13. c4 d4 14. Bg5 Nfd7
15. Ne4 Nc5 16. Qc2 Nxe4 17. Bxe4 Ng6 18. h4 f5 19. Bd3 Qe5 20. f4 Qe3+ 21. Kg2
Qe6 22. Rf3 c5 23. e4 dxe3 24. Re1 h6 25. Rfxe3 Qd7 26. Re6 hxg5 27. Bxf5 Nxf4+
28. gxf4 Bxf4 29. hxg5 Qd2+ 30. R1e2 Qxc2 31. Bxc2 Bxg5 32. Bg6 Rf6 33. Re8+
Rxe8 34. Rxe8+ Rf8 35. Rxf8+ 1/2-1/2

[Event "Zalakarosi Sakkfesztivál open"]
[Site "Zalakaros"]
[Date "2018.06.02"]
[Round "9.9"]
[White "Szeberenyi, Adam"]
[Black "Kincs, Imre"]
[Result "0-1"]
[WhiteElo "2372"]
[BlackElo "2210"]
[PlyCount "64"]
[EventDate "2018.05.25"]
[EventType "swiss"]
[EventRounds "9"]
[EventCountry "HUN"]

1. d4 Nf6 2. Nf3 d5 3. c4 e6 4. Nc3 c6 5. e3 Nbd7 6. Qc2 Bd6 7. e4 dxe4 8. Nxe4
Nxe4 9. Qxe4 Nf6 10. Qh4 c5 11. Bd2 cxd4 12. Nxd4 Be5 13. Nb5 Bxb2 14. Rd1 O-O
15. Bb4 Bd7 16. Rb1 Bxb5 17. Rxb2 Ba4 18. Be2 Re8 19. O-O Rc8 20. Rd2 Qc7 21.
Bd6 Qa5 22. Rd3 Bc2 23. Ra3 Qd2 24. Rg3 Qxd6 25. Bf3 Bg6 26. Qg5 Rc5 27. Qe3 b6
28. h4 Rec8 29. Rd1 Qc7 30. Be2 Re5 31. Qf4 h6 32. Re3 Rd5 0-1

[Event "Zalakarosi Sakkfesztivál open"]
[Site "Zalakaros"]
[Date "2018.06.02"]
[Round "9.11"]
[White "Srinath, Rao S.V."]
[Black "Pribelszky, Bence"]
[Result "1-0"]
[WhiteElo "2363"]
[BlackElo "2187"]
[PlyCount "91"]
[EventDate "2018.05.25"]
[EventType "swiss"]
[EventRounds "9"]
[EventCountry "HUN"]

1. d4 Nf6 2. Nf3 e6 3. Bf4 c5 4. e3 d5 5. c3 Nc6 6. Nbd2 Bd6 7. Bg3 O-O 8. Bd3
b6 9. Ne5 Bb7 10. f4 Ne7 11. Qc2 Ng6 12. O-O a5 13. a4 Ba6 14. Bxa6 Rxa6 15.
Nxg6 hxg6 16. Bh4 Qc7 17. Bxf6 gxf6 18. Qd3 Raa8 19. g3 Rad8 20. h4 f5 21. Nf3
c4 22. Qe2 f6 23. h5 gxh5 24. Kf2 Kg7 25. Rh1 Rh8 26. Rh3 Rh6 27. Rah1 Rdh8 28.
Nd2 Kg6 29. Kg2 Qc6 30. Qd1 b5 31. axb5 Qxb5 32. Qc2 Rb8 33. g4 Qxb2 34. gxf5+
Kg7 35. Rg3+ Kh7 36. Qd1 h4 37. Qg4 Qxd2+ 38. Kf3 Qd1+ 39. Rxd1 hxg3 40. fxe6
Rg8 41. Qf5+ Kh8 42. Qxd5 g2 43. Rg1 Rh3+ 44. Kf2 Rgg3 45. Rxg2 Rxe3 46. Qa8+
1-0

[Event "Zalakarosi Sakkfesztivál open"]
[Site "Zalakaros"]
[Date "2018.06.02"]
[Round "9.12"]
[White "Ugroczky, Peter"]
[Black "Krykun, Yuriy"]
[Result "0-1"]
[WhiteElo "2197"]
[BlackElo "2338"]
[PlyCount "130"]
[EventDate "2018.05.25"]
[EventType "swiss"]
[EventRounds "9"]
[EventCountry "HUN"]

1. e4 e5 2. Nf3 Nc6 3. Bc4 Bc5 4. c3 Nf6 5. d4 exd4 6. O-O Nxe4 7. cxd4 d5 8.
dxc5 dxc4 9. Qe2 Qd3 10. Re1 f5 11. Nbd2 O-O 12. Nxe4 fxe4 13. Qxe4 Bf5 14. Qh4
Rae8 15. Bf4 c3 16. bxc3 Rxe1+ 17. Rxe1 Qxc3 18. Bxc7 Qxc5 19. Qg3 Qd5 20. Bd6
Rd8 21. Bc7 Rc8 22. a3 Be4 23. Qg4 Rxc7 24. Qxe4 Qxe4 25. Rxe4 Rd7 26. g3 h6
27. Kg2 Rd5 28. Ne1 Rc5 29. Re3 b5 30. Kf3 a5 31. Ke2 b4 32. axb4 Nxb4 33. Re7
Rc3 34. Ra7 Ra3 35. Nf3 a4 36. Nd4 Ra1 37. Nb5 Nd5 38. Kd3 Nf6 39. Nc3 a3 40.
h4 Ng4 41. Ke2 Ne5 42. Kd2 Nc4+ 43. Kd3 Nd6 44. Ra6 Nf7 45. f4 h5 46. Kc2 Nh6
47. Ne4 Nf5 48. Kb3 Re1 49. Ng5 Kf8 50. Rxa3 Re3+ 51. Kb4 Rxa3 52. Kxa3 Nxg3
53. Kb4 Ke7 54. Kc5 Kf6 55. Kd4 Kf5 56. Ke3 Kg4 57. Ne6 g6 58. Nf8 Nf5+ 59. Ke4
Nxh4 60. Ke5 Nf3+ 61. Ke4 h4 62. Ke3 Kg3 63. Nxg6 h3 64. f5 h2 65. f6 Ng5 0-1

[Event "Zalakarosi Sakkfesztivál open"]
[Site "Zalakaros"]
[Date "2018.06.02"]
[Round "9.13"]
[White "Radovanovic, Jovica"]
[Black "Jamrich, Gyorgy"]
[Result "1-0"]
[WhiteElo "2311"]
[BlackElo "2213"]
[PlyCount "117"]
[EventDate "2018.05.25"]
[EventType "swiss"]
[EventRounds "9"]
[EventCountry "HUN"]

1. d4 Nf6 2. Nf3 e6 3. c4 b6 4. g3 Ba6 5. b3 c6 6. Bg2 d5 7. O-O Nbd7 8. Nbd2
Rc8 9. Bb2 Be7 10. Re1 O-O 11. e4 Bb7 12. e5 Ne8 13. cxd5 cxd5 14. Bf1 Nb8 15.
Bd3 Ba6 16. Bb1 g6 17. Nf1 Bb4 18. Re3 Ng7 19. Nh4 Be7 20. Ng2 Nc6 21. Rc3 f6
22. exf6 Bxf6 23. Rf3 Nxd4 24. Bxd4 Rc1 25. Qxc1 Bxd4 26. Rxf8+ Qxf8 27. Nge3
Bxa1 28. Bxg6 Bd4 29. Bb1 Qc5 30. Qc2 h5 31. Qh7+ Kf8 32. Bd3 Bxd3 33. Qxd3 b5
34. Kg2 a6 35. a4 Qc3 36. Qxc3 Bxc3 37. axb5 axb5 38. Kf3 Ke7 39. Ke2 Kd6 40.
Kd3 Be1 41. f4 h4 42. Ng2 hxg3 43. Nxe1 gxh2 44. Nxh2 e5 45. fxe5+ Kxe5 46.
Nhf3+ Kd6 47. Nd4 Kc5 48. Nec2 b4 49. Ke3 Ne8 50. Ne1 Kb6 51. Nd3 Nc7 52. Kf4
Ka5 53. Ke5 Na8 54. Kxd5 Nb6+ 55. Kc6 Na4 56. Ne2 Nb6 57. Nb2 Nc8 58. Nd4 Ne7+
59. Kb7 1-0

[Event "Zalakarosi Sakkfesztivál open"]
[Site "Zalakaros"]
[Date "2018.06.02"]
[Round "9.14"]
[White "Kareva, Natalia"]
[Black "Borsos, Bogdan"]
[Result "1-0"]
[WhiteElo "2206"]
[BlackElo "2277"]
[PlyCount "89"]
[EventDate "2018.05.25"]
[EventType "swiss"]
[EventRounds "9"]
[EventCountry "HUN"]

1. d4 d5 2. Nc3 Nf6 3. Bg5 Nbd7 4. Qd2 c6 5. Nf3 b5 6. a3 a5 7. e3 Bb7 8. Bd3
b4 9. Na4 e6 10. c4 Be7 11. Bxf6 gxf6 12. c5 bxa3 13. bxa3 Ba6 14. Bxa6 Rxa6
15. O-O f5 16. Rfb1 Qc7 17. Rb3 O-O 18. Rab1 Rb8 19. Rxb8+ Nxb8 20. Ne5 f6 21.
Qb2 fxe5 22. Qxb8+ Qxb8 23. Rxb8+ Kf7 24. dxe5 Ra7 25. Rb3 Rd7 26. Kf1 f4 27.
exf4 d4 28. Ke2 Rd5 29. Kd3 Bxc5 30. Nxc5 Rxc5 31. Kxd4 Rc2 32. Ke3 a4 33. Rb7+
Ke8 34. Rxh7 c5 35. Ra7 Rc3+ 36. Ke4 Rxa3 37. h4 Ra1 38. h5 Kf8 39. h6 Kg8 40.
f5 a3 41. fxe6 a2 42. Kf5 Rh1 43. Rxa2 Rxh6 44. Ra8+ Kg7 45. e7 1-0

[Event "Zalakarosi Sakkfesztivál open"]
[Site "Zalakaros"]
[Date "2018.06.02"]
[Round "9.17"]
[White "Peczely, Sebastian Zsombor"]
[Black "Medancic, Rikard"]
[Result "0-1"]
[WhiteElo "2244"]
[BlackElo "2164"]
[PlyCount "96"]
[EventDate "2018.05.25"]
[EventType "swiss"]
[EventRounds "9"]
[EventCountry "HUN"]

1. e4 g6 2. d4 Bg7 3. Nc3 d6 4. Be3 a6 5. f3 Nd7 6. Qd2 e6 7. O-O-O b5 8. Kb1
Bb7 9. g4 h6 10. h4 Ne7 11. Nh3 c5 12. g5 h5 13. Nf2 Qc7 14. Bh3 Nb6 15. b3 b4
16. Ne2 a5 17. Nf4 cxd4 18. Bxd4 e5 19. Bxb6 Qxb6 20. Nd5 Nxd5 21. exd5 a4 22.
Rhe1 Ra5 23. f4 O-O 24. f5 Rfa8 25. Ne4 axb3 26. cxb3 Rxa2 27. Qxa2 Rxa2 28.
Kxa2 Qa5+ 29. Kb1 Bxd5 30. Rc1 Qa3 31. Rc8+ Kh7 32. fxg6+ fxg6 33. Bg2 Qxb3+
34. Kc1 Qa3+ 35. Kd1 Qa1+ 36. Kd2 Qd4+ 37. Kc1 Qa1+ 38. Kd2 Qb2+ 39. Rc2 Qd4+
40. Kc1 b3 41. Rce2 Bxe4 42. Bxe4 d5 43. Bb1 e4 44. Rd2 Qc4+ 45. Kd1 Bc3 46.
Bd3 Qd4 47. Rf1 Bxd2 48. Rf6 Bxg5 0-1

[Event "Zalakarosi Sakkfesztivál open"]
[Site "Zalakaros"]
[Date "2018.06.02"]
[Round "9.18"]
[White "Molnar, Erno"]
[Black "Horak, Jiri"]
[Result "1/2-1/2"]
[WhiteElo "2243"]
[BlackElo "2131"]
[PlyCount "130"]
[EventDate "2018.05.25"]
[EventType "swiss"]
[EventRounds "9"]
[EventCountry "HUN"]

1. e4 e5 2. Nf3 Nf6 3. Nxe5 d6 4. Nf3 Nxe4 5. d4 Be7 6. Bd3 Nf6 7. O-O O-O 8.
c4 d5 9. b3 Bg4 10. Nbd2 Nc6 11. Bb2 Re8 12. a3 Bh5 13. Qc2 Bg6 14. Rfe1 Bf8
15. Rxe8 Qxe8 16. Re1 Qd8 17. c5 Ne7 18. b4 c6 19. a4 Bxd3 20. Qxd3 Ng6 21. Bc1
Nf4 22. Qf1 Ne6 23. Nb3 g6 24. Ne5 Nd7 25. Ng4 Bg7 26. Qd3 Qh4 27. h3 h5 28.
Nh6+ Kf8 29. Rxe6 fxe6 30. Qxg6 Qf6 31. Qxh5 Bxh6 32. Bxh6+ Kg8 33. Qg4+ Kf7
34. Bg5 Qf5 35. Qxf5+ exf5 36. Na5 b6 37. Nxc6 a5 38. cxb6 Nxb6 39. bxa5 Nc4
40. Nb4 Rxa5 41. Bd8 Ra8 42. Bc7 Ke6 43. Nd3 Kd7 44. Bf4 Nb6 45. Nc5+ Ke7 46.
g4 Nxa4 47. Nxa4 Rxa4 48. Be5 Kf7 49. Kg2 Kg6 50. Kg3 Ra3+ 51. f3 fxg4 52. hxg4
Rb3 53. Kf4 Rd3 54. Bh8 Ra3 55. g5 Ra8 56. Bf6 Re8 57. Be5 Ra8 58. Kg4 Ra1 59.
Bg3 Ra4 60. Bf2 Ra2 61. Be3 Rg2+ 62. Kh3 Re2 63. Bf4 Kf5 64. Kg3 Rc2 65. Be3
Re2 1/2-1/2

[Event "Zalakarosi Sakkfesztivál open"]
[Site "Zalakaros"]
[Date "2018.06.02"]
[Round "9.20"]
[White "Draganic, Stjepan"]
[Black "Bokros, Albert"]
[Result "0-1"]
[WhiteElo "2006"]
[BlackElo "2480"]
[PlyCount "102"]
[EventDate "2018.05.25"]
[EventType "swiss"]
[EventRounds "9"]
[EventCountry "HUN"]

1. d4 g6 2. Bf4 Bg7 3. e3 d6 4. Nf3 Nd7 5. c3 e5 6. Bg5 f6 7. Bh4 Nh6 8. dxe5
dxe5 9. Bc4 Qe7 10. Bg3 Nb6 11. Bb3 Bf5 12. O-O Nf7 13. Na3 O-O 14. Re1 Rad8
15. Qc1 Kh8 16. Nc4 Nd7 17. e4 Bg4 18. Nfd2 Nc5 19. Qc2 c6 20. Ne3 Bc8 21. Bc4
Nd6 22. f3 f5 23. b4 Nxc4 24. Nexc4 Nd3 25. Re2 f4 26. Bf2 Be6 27. Nb2 Nxf2 28.
Rxf2 g5 29. Nb3 g4 30. fxg4 Bxg4 31. Nd2 Bf6 32. Nf3 a5 33. a3 Be6 34. Rd1 Ra8
35. Nd3 Bc4 36. Nb2 Be6 37. Nd3 Bg4 38. Nde1 Rg8 39. Rd3 c5 40. Qb2 axb4 41.
axb4 Be6 42. Rfd2 Ra6 43. b5 Rb6 44. c4 Bxc4 45. Rd7 Qe6 46. Qa3 Bxb5 47. R7d5
Rc6 48. Qa5 Bc4 49. Rd7 Ba6 50. Rc7 Rxc7 51. Qxc7 Rc8 0-1